000
00371nam a2200145Ia 4500
008
230411s9999 xx 000 0 und d
020
_a
978-81-909385-6-3
041
_a
eng
082
_a
P/610.7362/YAD/B06537
100
_a
Gupta Ram
245
_a
PV Mental Health Nursing
260
_b
S Vikas and Co
_a
Jalandhar
_c
2010
300
_a
604p
999
_c
156931
_d
156931